000 01015nmm a2200301 a 4500
001 ocm0002146402
003 TR-IsHL
005 20201028182603.0
008 190205s2017 tu tur
007 cr cn
020 _a9786059562416
035 _a2146402
_b(N$T)
050 0 4 _aPL248.S394
_bH3 2017
090 0 4 _aPL248.S394
_bH3 2017
100 1 _aSaygın, Oğuz
245 1 0 _aHayat kurtaran oyun
_h[electronic resource] /
_cOğuz Saygın ; Ekrem Saygın ; editör F. Zehra Bayrak ; çizer Ayşe Dede
260 _aİstanbul :
_bGenç Hayat Yayınları,
_c2017
300 _a144 p.
650 4 _aEğitim
650 4 _aEducation
650 0 _aÇocuk romanı
_x Resimli çalışmalar
650 0 _aJuvenile fiction
_x Pictorial works
650 7 _aLITERARY COLLECTIONS / Middle Eastern
_2bisacsh
700 1 _aSaygın, Ekrem
700 1 _aBayrak, F. Zehra
700 1 _aDede, Ayşe
856 4 0 _uhttp://search.ebscohost.com/login.aspx?direct=true&scope=site&db=e011xww&AN=2146402
999 _c20140
_d20140